000 00652 a2200241 4500
020 _a0-690--8727-6
041 _aEng
082 _a370.1
_bOr6a
100 _aOrnstein, Allan C ed.
_919436
100 _aHedley, Eugene W.
_919437
245 _aAnalysis of contemporary education
260 _aNew York
_bThomas Y. Crowell
_c1973
300 _axi, 320p.
504 _aBibliographic footnotes
518 _a2067-11-11
650 _aEducational philosophy
_94917
650 _aSociety
_9244
650 _aEducational systems
_95488
650 _aDemocracy
650 _aClassrooms
_917382
653 _aEducation
942 _2ddc
_cGEN
999 _c59084
_d59072